| 000 | 01737nam a22003737a 4500 | ||
|---|---|---|---|
| 001 | BR2025004809 | ||
| 003 | BR-BrBNA | ||
| 005 | 20260123131242.0 | ||
| 008 | 260123b2026 bl.||||| |||| 00| 0 por d | ||
| 020 | _a978-85-60307-03-6 | ||
| 040 |
_aBR-BrBNA _bpor |
||
| 041 | _apor | ||
| 072 |
_aL51 _b9700 |
||
| 090 | _b9700 BR2025004809 | ||
| 100 | 0 | _aCosta, Roberto Germano | |
| 100 | 0 | _aMadrugada, Marta Suely | |
| 100 | 0 | _aMedeiros, Geovergue Rodrigues de | |
| 100 | 0 | _aVoltolini, Tadeu Vinhas | |
| 100 | 0 | _aDuarte, Terezinha Fernandes | |
| 100 | 0 | _aPedrosa,Nely de Almeida | |
| 110 | _aInstituto Nacional do Seminário | ||
| 245 | _aManta petrolina: uma alternativa para agregar valor às carnes caprina e ovina | ||
| 260 |
_aCampina Grande, P Campina Grande, PB (Brazil) _bIJUSA _c2010 |
||
| 300 | _a109 p. | ||
| 500 | _aBibliography p. 105-109 (26 ref.); 39 illus; 10 graphs; 6 tables | ||
| 650 | _aCADEIA PRODUTIVA | ||
| 650 | _aCAPRINOCULTURA | ||
| 650 | _aOVINOCULTURA | ||
| 650 | _aCARNE SALGADA | ||
| 650 | _aCARNE DE SOL | ||
| 650 | _aCOMERCIALIZAÇÃO | ||
| 909 |
_a202601 _bSolange |
||
| 942 | _cBK | ||
| 999 |
_c339905 _d339905 |
||